Cyclisme : Les cyclistes en World Tour 2026 : extreme - Statistiques

Statistiques générales
  • Ce quiz a été pris 79 fois
  • Le résultat moyen est 6 sur 16
Statistiques - réponses
Par images Réponse % Correct
Harold Tejada
76%
Noa Isidore
63%
Maxime Decomble
53%
Casper van Uden
51%
Koen Bouwman
49%
Lorenzo Rota
47%
Pablo Torres
44%
Andrew August
43%
Marco Frigo
33%
Sean Quinn
28%
Arne Marit
26%
Vlad Van Mechelen
26%
Niklas Behrens
25%
Carlos Canal
22%
Gil Gelders
11%
Ramses Debruyne
8%
Aucun quiz correspondant
Distribution des résultats
% des personnes avec chaque résultat
Percentile par nombre de réponses
Votre historique - résultats
Vous n’avez pas pris ce quiz